Mobile Network Monitoring Application / (Record no. 611759)
[ view plain ]
| 000 -LEADER | |
|---|---|
| fixed length control field | 00761nam a22001937a 4500 |
| 003 - CONTROL NUMBER IDENTIFIER | |
| control field | NUST |
| 005 - DATE AND TIME OF LATEST TRANSACTION | |
| control field | 20260105175612.0 |
| 008 - FIXED-LENGTH DATA ELEMENTS--GENERAL INFORMATION | |
| fixed length control field | 240924b ||||| |||| 00| 0 eng d |
| 082 ## - DEWEY DECIMAL CLASSIFICATION NUMBER | |
| Classification number | 621.382,ASM |
| 100 ## - MAIN ENTRY--PERSONAL NAME | |
| Personal name | Asmat, Mehran |
| 9 (RLIN) | 126030 |
| 245 ## - TITLE STATEMENT | |
| Title | Mobile Network Monitoring Application / |
| Statement of responsibility, etc. | Mehran Asmat, Muhammad Ihtesham, Muhammad Jawad Sultan and Ameer Hamza |
| 260 ## - PUBLICATION, DISTRIBUTION, ETC. | |
| Place of publication, distribution, etc. | Rawalpindi |
| Name of publisher, distributor, etc. | MCS (NUST) |
| Date of publication, distribution, etc. | 2024 |
| 300 ## - PHYSICAL DESCRIPTION | |
| Extent | 62 p.; |
| 505 ## - FORMATTED CONTENTS NOTE | |
| Formatted contents note | Introduction (Page-2), Literature Review (Page-23), Interfacing and Detection (Page-29), Code Analysis and Evaluation (Page-38), Conclusion (Page-43), Future Work (Page-46). |
| 650 ## - SUBJECT ADDED ENTRY--TOPICAL TERM | |
| Topical term or geographic name entry element | UG EE Project |
| 9 (RLIN) | 118090 |
| 651 ## - SUBJECT ADDED ENTRY--GEOGRAPHIC NAME | |
| Geographic name | BEE-57 |
| 9 (RLIN) | 125983 |
| 700 ## - ADDED ENTRY--PERSONAL NAME | |
| Personal name | Supervised by Dr. Faisal Akram |
| 9 (RLIN) | 132720 |
| 942 ## - ADDED ENTRY ELEMENTS (KOHA) | |
| Source of classification or shelving scheme | |
| Koha item type | Project Report |
| Withdrawn status | Lost status | Source of classification or shelving scheme | Damaged status | Not for loan | Permanent Location | Current Location | Shelving location | Date acquired | Full call number | Barcode | Date last seen | Price effective from | Koha item type | Public note |
|---|---|---|---|---|---|---|---|---|---|---|---|---|---|---|
| Military College of Signals (MCS) | Military College of Signals (MCS) | Reference | 09/24/2024 | 621.382,ASM | MCSPTC-480 | 09/24/2024 | 09/24/2024 | Project Report | Almirah No.70, Shelf No.3 |
